000 00289nam a22001337a 4500
008 170622b xxu||||| |||| 00| 0 eng d
020 _a978-1-60229-969-6
041 _aeng
080 _a324
100 _a21
101 _aSHP
245 _aAMERICAN GOVERNMENT
_cTURNER
942 _2udc
_cBK
999 _c18784
_d18784